[Event "17th Asian Continental-ch Open 2018"]
[Site "Makati City"]
[Date "2018.12.13"]
[Round "4.18"]
[White "Amartuvshin, Ganzorig"]
[Black "Nguyen, Anh Khoi"]
[Result "1-0"]
[WhiteElo "2376"]
[BlackElo "2480"]
[Annotator "TA"]
[PlyCount "99"]
[EventDate "2018.12.07"]
[EventType "swiss"]
[EventRounds "9"]
[EventCountry "PHI"]

{[%evp 23,99,64,78,37,40,8,66,9,34,35,84,91,120,76,107,85,114,100,103,86,165,164,279,284,289,303,368,372,333,168,163,14,29,-21,79,78,95,-152,224,209,233,230,394,375,316,217,288,233,230,247,260,253,269,259,265,267,259,253,275,268,301,258,384,422,356,391,557,691,633,635,586,591,672,610,1472,1458,2472,2280]} 1. d4 Nf6 2. c4 g6 3. Nc3 Bg7 4. e4 d6 5. Be2 O-O 6. Nf3 Nbd7 7. O-O e5 8. Be3 Re8 9. d5 Nh5 10. g3 {E94: King's Indian: Classical: 6 Be2 e5 7 0-0: Various Black 7th moves} Bf8 11. Ne1 Ng7 12. f3 (12. Nd3 f5 13. f3 Be7 14. Qd2 Nf6 15. c5 fxe4 16. fxe4 Ng4 17. Bxg4 Bxg4 {½-½ (39) Postny,E (2606)-Vovk,A (2636) Fagernes 2017}) 12... Be7 {LiveBook: 3 Games} 13. Bf2 f5 14. Ng2 Nf6 $146 (14... Rf8 $11) ({Predecessor:} 14... a5 15. Rb1 Rf8 16. a3 b6 17. b4 h5 18. exf5 Nxf5 {0-1 (45) Lewis,A (2281)-Littlewood,P (2358) Torquay 2009}) 15. g4 (15. exf5 $14 Nxf5 16. g4) 15... fxg4 16. fxg4 Rf8 17. h3 c6 18. Rc1 Bd7 19. Qd3 a6 20. c5 Kh8 21. Rcd1 Nge8 (21... cxd5 $16 22. exd5 Rc8) 22. Ne3 $18 dxc5 (22... b5 {was called for.} 23. cxb6 Qxb6) 23. Bg3 cxd5 24. Nexd5 Bd6 25. Bh4 c4 26. Qg3 (26. Qxc4 Be6 $18) (26. Qd2 $142) 26... Bc6 27. Qf2 ({Better is} 27. Kh2 $18 {Nxf6 is the strong threat.} Bxd5 28. Nxd5) 27... Qa5 {Strongly threatening ...Nxd5.} 28. Qg2 {[%cal Rd5f6]} (28. Bxf6+ Nxf6 29. Qh4 (29. Nxf6 $2 Bc5 $19) 29... Qc5+ 30. Kh2 Nxd5 $15) 28... Nd7 (28... Bxd5 $1 $11 {keeps the balance.} 29. Nxd5 Nxd5 30. Rxd5 Qb6+ 31. Kh1 Rc8) 29. Kh1 $16 b5 {[#]} 30. Be7 $2 (30. Rxf8+ $1 $16 {and life is bright.} Bxf8 31. Ne7 Bxe7 32. Bxe7) 30... Bxd5 $2 (30... Rxf1+ $17 {keeps the pressure on.} 31. Qxf1 b4) 31. Bxf8 $18 Nxf8 32. exd5 {Threatens to win with Rf7.} ({Don't play} 32. Rxd5 $6 Qc7 $16) 32... Kg8 $2 (32... g5 {is a better defense.} 33. Rf7 Ng6) 33. Ne4 Qc7 34. Qf2 Qe7 35. Qe3 Nd7 {[#]} 36. g5 $1 Nc5 {intending ...Nxe4.} 37. Nxd6 Qxd6 38. b4 Nd7 39. Bg4 Ng7 40. Rf3 {[%cal Bf1f3,Bf3c3,Bc3c6][%mdl 32]} Rd8 41. a3 Rc8 42. Qe4 c3 (42... Rf8 $142 43. Rxf8+ Nxf8) 43. Qc2 Nf5 44. Rxc3 ({Less strong is} 44. Bxf5 gxf5 45. Rxc3 (45. Rxf5 Rc4 $18) 45... Rxc3 $18) 44... Rf8 (44... Rxc3 $142 45. Qxc3 Nb6) 45. Bxf5 {White is clearly winning.} gxf5 46. Rc6 Qe7 47. Re6 Qf7 48. Qg2 Kg7 49. Rg1 {g6 would kill now.} Qh5 50. g6 {Accuracy: White = 51%, Black = 29%.} 1-0

[Event "17th Asian Continental-ch Open 2018"]
[Site "Makati City"]
[Date "2018.12.13"]
[Round "4.19"]
[White "Vokhidov, Shamsiddin"]
[Black "Concio, Michael Jr."]
[Result "1-0"]
[WhiteElo "2480"]
[BlackElo "2034"]
[Annotator "TA"]
[PlyCount "85"]
[EventDate "2018.12.07"]
[EventType "swiss"]
[EventRounds "9"]
[EventCountry "PHI"]

{[%evp 20,85,50,61,54,34,88,94,119,120,120,118,123,121,122,116,132,81,121,102,125,120,132,106,146,154,150,159,151,142,214,143,211,170,167,152,149,164,160,149,149,164,163,161,183,180,175,167,305,199,490,484,475,469,478,493,827,810,1059,1023,1388,1088,4132,1733,29982,29983,29983,11556]} 1. e4 e6 2. d4 d5 3. Nc3 dxe4 4. Nxe4 Bd7 5. Nf3 Bc6 6. Bd3 Nd7 7. c3 Ngf6 8. Nxf6+ {C10: French with 3 Nc3: Unusual Black 3rd moves and 3...dxe4} Nxf6 9. Bf4 Bd6 (9... Nd7 10. O-O Bd6 11. Bg3 h5 12. Re1 h4 13. Bxd6 cxd6 14. c4 Bxf3 15. Qxf3 Qb6 16. c5 dxc5 17. d5 O-O-O 18. Qxf7 Rhf8 19. Qxe6 Qxb2 20. Bf5 Qf6 21. Qxf6 Rxf6 22. Bg4 {½-½ (22) Gharamian,T (2626)-Miton,K (2605) Germany 2018}) 10. Ne5 Bxe5 11. Bxe5 {LiveBook: 3 Games} Nd7 12. Bg3 $146 ({Of course not} 12. Bxg7 Rg8 $15) ({Predecessor:} 12. Bf4 Bxg2 13. Rg1 Bc6 14. Rxg7 Qf6 15. Qg4 O-O-O 16. Bxh7 {1-0 (29) Firouzja,A (2475)-Wang,Y (2445) Moscow 2016}) 12... O-O (12... h5 $14) 13. O-O $16 f5 14. Qd2 Nf6 15. f3 Qd7 16. Rfe1 b6 17. Qf4 Rf7 18. Rad1 ({White should play} 18. Bf2) 18... Re8 19. Qe5 b5 20. Qc5 a6 21. Rd2 Bd5 22. b3 g5 23. c4 Bc6 24. Rde2 g4 25. fxg4 Ne4 (25... Be4 $16 {keeps fighting.}) 26. Qe5 Rd8 27. Bxe4 Bxe4 28. Rd2 bxc4 29. bxc4 Qc6 30. gxf5 exf5 31. d5 Qh6 32. Bf4 Qg7 33. Qb2 Qg4 (33... h5 $142 34. Re3 h4) 34. Rf2 Qg6 $2 (34... h5 35. h3 Qg7) 35. Re3 $18 Rg7 {[#]} 36. Bxc7 $1 {[%mdl 512]} Rxc7 37. Rg3 Qxg3 (37... Rxc4 $142 38. Rxg6+ hxg6) 38. hxg3 Rxc4 {[#]} 39. d6 $1 Rc6 (39... Rxd6 40. Qb8+) 40. Rd2 Rd7 41. Qf6 Rc1+ 42. Kh2 Bc6 43. Re2 {Accuracy: White = 76%, Black = 37%.} (43. Qg5+ $142 Kf8 44. Rb2 Rxd6 45. Qxc1 Re6 46. Rb6 Bd5 47. Qc5+ Kg7 48. Qd4+ Kg6 49. Rb8) 1-0

[Event "17th Asian Continental-ch Open 2018"]
[Site "Makati City"]
[Date "2018.12.13"]
[Round "4.20"]
[White "Ervan, Mohamad"]
[Black "Khusnutdinov, Rustam"]
[Result "0-1"]
[WhiteElo "2357"]
[BlackElo "2470"]
[Annotator "TA"]
[PlyCount "76"]
[EventDate "2018.12.07"]
[EventType "swiss"]
[EventRounds "9"]
[EventCountry "PHI"]

{[%evp 19,76,0,3,-12,8,0,0,-4,0,-21,-18,-40,-36,-74,-71,-64,-52,-109,-98,-110,-109,-102,-44,-150,-141,-175,-162,-195,-189,-254,-258,-289,-300,-425,-484,-487,-473,-457,-441,-424,-423,-414,-280,-323,-337,-266,-127,-223,-230,-231,-208,-345,-345,-329,-329,-1622,-1579,-1733,-1681]} 1. c4 e5 2. g3 Nf6 3. Bg2 Nc6 4. Nc3 Bc5 5. e3 O-O 6. Nge2 a6 7. O-O d6 8. a3 Ba7 9. b4 {A22: English Opening: 1...e5 2 Nc3 Nf6} Re8 (9... Bf5 10. d3 Qd7 11. Re1 Bh3 12. Bh1 Ng4 13. d4 exd4 14. exd4 Rae8 15. c5 dxc5 16. dxc5 Qxd1 17. Rxd1 {½-½ (51) Ponomariov,R (2743)-Kobalia,M (2651) Khanty-Mansiysk 2013}) 10. d3 Ne7 {LiveBook: 11 Games} 11. Qb3 {The position is equal.} Rb8 12. a4 $146 ({Predecessor:} 12. Nd5 Nd7 13. Bb2 c6 14. Ndc3 Nf6 15. d4 exd4 16. Nxd4 Bxd4 17. exd4 {½-½ (78) Bauer,P (2255)-Szentmihalyi,T Zalakaros 1997}) 12... Be6 13. d4 Qc8 14. a5 c6 15. Rd1 Ng6 16. Bh1 Bg4 {Strongly threatening ...exd4.} 17. f3 Be6 18. d5 (18. Na4 $1 $15) 18... cxd5 $17 19. cxd5 Bd7 20. Ra2 Ne7 ({Black should play} 20... b6 $17 {Threatens to win with ...bxa5.} 21. Bd2 b5) 21. Kf2 (21. Bg2 $15) 21... b6 $1 22. Qa3 Qc4 {[%cal Re7d5]} 23. axb6 Rxb6 {[%cal Rf6d5]} 24. b5 (24. Bd2 $142) 24... Nexd5 $19 25. Nxd5 Nxd5 26. bxa6 (26. f4 $142 Nf6 27. fxe5 dxe5 28. Nc3) 26... Bb5 27. Rxd5 Qxd5 28. Nc3 Qc6 29. Nxb5 Rxb5 30. Bg2 Qb6 31. Bf1 {[#]} Rb3 $1 {[%cal Rb3a3]} 32. Qa4 {[%cal Ra4e8] [#]} Rd8 (32... Rc8 $1 $19 33. Kg2 Qb8) 33. Bc4 (33. Kg2 $17) 33... Rb4 ({Much less strong is} 33... Rxe3 34. Bxe3 Qxe3+ 35. Kg2 $17) 34. Qc2 d5 {[%cal Bd6d5,Bd5d4,Bd4e3][%mdl 32]} 35. Bd3 {[#]} (35. Be2 {was the only chance.}) 35... e4 $1 36. fxe4 d4 37. Bb2 $2 (37. Kg2 dxe3 38. Ra3) 37... dxe3+ 38. Kg2 Rxd3 {Precision: White = 29%, Black = 68%.} 0-1

[Event "17th Asian Continental-ch Open 2018"]
[Site "Makati City"]
[Date "2018.12.13"]
[Round "4.21"]
[White "Taher, Yoseph Theolifus"]
[Black "Turqueza, Mari Joseph"]
[Result "1-0"]
[WhiteElo "2454"]
[BlackElo "2305"]
[Annotator "TA"]
[PlyCount "89"]
[EventDate "2018.12.07"]
[EventType "swiss"]
[EventRounds "9"]
[EventCountry "PHI"]

{[%evp 10,89,38,15,34,14,31,32,30,12,6,12,29,39,36,34,30,34,37,33,29,25,33,24,45,28,37,34,50,-12,-6,-30,-30,-30,-30,-60,-60,-60,-60,-60,-60,-81,-93,-94,-94,-94,-102,-118,-125,-117,-109,-138,-83,-89,-41,-86,-10,-163,-175,-172,-178,-177,-158,-167,0,0,0,-51,0,0,542,542,528,488,284,0,209,173,326,322,294,309]} 1. e4 c5 2. Nc3 Nc6 3. Nf3 e5 4. Bc4 d6 5. d3 Be7 6. a3 {LiveBook: 21 Games. B30: Sicilian: 2...Nc6 3 Bb5, lines without ...g6} (6. Nd2 Nf6 7. Nf1 Bg4 8. f3 Be6 9. Ne3 O-O 10. O-O Nh5 11. g3 Bg5 12. Ncd5 Bxe3+ 13. Bxe3 Ne7 14. Bg5 Bxd5 15. Bxd5 h6 16. Bxe7 Qxe7 17. f4 Nf6 18. Bb3 {½-½ (57) Bacrot,E (2725)-Yu,Y (2751) Riadh 2017}) 6... Nd4 7. h3 Be6 8. O-O $146 {White is slightly better.} ({Predecessor:} 8. Nd5 Nxf3+ 9. Qxf3 Nf6 10. Nxf6+ Bxf6 11. Bxe6 fxe6 12. Qh5+ g6 13. Qg4 Qe7 {1-0 (32) Okhotnik,V (2468)-Favarel,A (2074) Creon 2008}) 8... Nf6 9. Bg5 O-O 10. Bxf6 Nxf3+ 11. Qxf3 {And now Bxe7 would win.} Bxf6 12. b4 Rc8 13. Nd5 Bg5 14. Qe2 Kh8 15. Rab1 Qd7 16. b5 b6 17. Nc3 g6 18. a4 Rce8 19. a5 (19. Ra1 $14) 19... bxa5 $11 20. b6 Rb8 21. Bxe6 fxe6 22. Qg4 Bd2 23. bxa7 Qxa7 24. Rxb8 Qxb8 25. Nb1 {[#]} Be3 $1 {[%mdl 512] White must now prevent ...Rxf2!} 26. Qd1 (26. fxe3 Rxf1+) 26... Bh6 $1 27. Na3 d5 $36 {[%mdl 2048] Black is on the roll.} 28. Qa1 Qb4 29. c3 Qa4 30. Re1 d4 ({Better is} 30... c4 31. dxc4 dxe4 32. Rxe4 Rb8) 31. cxd4 $17 Bd2 (31... cxd4 32. Rb1 $11) 32. Rb1 Bb4 (32... cxd4 $6 33. Qb2 $11) (32... Qxd4 $17 33. Qxd4 exd4) 33. dxc5 $2 (33. d5 $1 $11 Qxa3 34. Qxe5+ {[%mdl 64] Double Attack} Kg8 35. Qxe6+ Rf7 36. Qe8+ Rf8 37. Qe6+ Kg7 38. Qe7+ Rf7 39. Qe5+ Kh6 40. Qe8) 33... Qxa3 $19 34. Qxe5+ Kg8 35. Qxe6+ Kg7 36. Qd7+ Rf7 $2 (36... Kh6 $1 $19 {aiming for ...Qa2.} 37. Qe7 Bxc5 38. Qh4+ Kg7 39. Rb7+ Rf7 40. Rxf7+ Kxf7 41. Qxh7+ Kf8 42. Qh8+ Ke7) 37. Qd4+ $11 Kg8 38. c6 ({White should try} 38. Qd8+ $11 Kg7 39. Qd4+ Kg8 40. Qd8+ Kg7 41. Qd4+) 38... Bd6 (38... Qa2 $15 39. Rc1 Qd2 40. Qd8+ Bf8) 39. e5 Bc5 $2 {[%mdl 8192]} (39... Bc7 $1 $11 {and Black has nothing to worry.}) 40. Qd8+ $18 Kg7 {Strongly threatening ...Qa2.} 41. c7 Qa2 (41... Bxf2+ $142 42. Kh1 Bh4 43. Qxh4 Qc5) 42. Rc1 $2 (42. c8=Q $1 $18 {Intending Qg8+ and mate.} Qxb1+ 43. Kh2 Bxf2 44. Qg8+ Kh6 45. Qgf8+ $3 {[%mdl 512]} Rxf8 46. Qxf8+ {[%mdl 64] Double Attack} Kg5 47. Qxf2) 42... Qxf2+ $2 (42... Rxf2 $11 {and Black is okay.} 43. Kh1 Rxg2 44. Qf6+ Kh6 45. Qf4+ (45. Qh4+ Kg7 $11) 45... Rg5 46. Qxg5+ {[%mdl 64] Promotion} (46. c8=Q $2 Qg2#) 46... Kxg5 47. Rxc5 Qf2) 43. Kh1 Qe3 $2 {[#]} (43... Qf4 {was necessary.} 44. Rb1 (44. Rxc5 Qf1+ 45. Kh2 Qf4+ 46. Kh1 Qf1+ 47. Kh2 Qf4+ 48. Kh1 $11) 44... Bb6 45. Qf6+ (45. Rxb6 Qxe5 46. Rb1 Rxc7 $11) 45... Rxf6 46. exf6+ Kf7) 44. Rb1 $1 (44. Rxc5 $2 {gets mated.} Rf1+ 45. Kh2 Qf4+ 46. g3 Qf2#) 44... Be7 45. Qe8 {Accuracy: White = 58%, Black = 38%.} 1-0

[Event "17th Asian Continental-ch Open 2018"]
[Site "Makati City"]
[Date "2018.12.13"]
[Round "4.22"]
[White "Cuhendi, Sean Winshand"]
[Black "Ghaem Maghami, Ehsan"]
[Result "0-1"]
[WhiteElo "2429"]
[BlackElo "2537"]
[Annotator "TA"]
[PlyCount "85"]
[EventDate "2018.12.07"]
[EventType "swiss"]
[EventRounds "9"]
[EventCountry "PHI"]

{[%evp 13,85,25,20,0,8,10,4,0,0,0,0,-6,0,0,6,0,19,-21,-22,-21,0,-43,-40,-43,-35,-42,-47,-49,-25,-29,-26,-29,-15,-59,-60,-194,-188,-196,-191,-240,-203,-220,-222,-220,-216,-213,-216,-223,-204,-215,-213,-217,-217,-259,-250,-253,-245,-213,-184,-193,-193,-199,-177,-198,-197,-214,-216,-222,-222,-221,-222,-227,-203,-229]} 1. Nf3 Nf6 2. g3 b5 3. Bg2 Bb7 4. O-O c5 5. d3 e6 6. e4 d6 7. a4 b4 {LiveBook: 44 Games} 8. b3 {A05: Réti Opening: 1 Nf3 Nf6} (8. Nbd2 Nc6 9. Nc4 Qc7 10. Re1 Be7 11. a5 Rd8 12. a6 Ba8 13. Bf4 O-O 14. e5 dxe5 15. Nfxe5 Qc8 16. Nxc6 Bxc6 17. Bxc6 Qxc6 {0-1 (53) Naiditsch,A (2705)-Fedorchuk,S (2648) Riadh 2017}) 8... Be7 9. Bb2 O-O 10. Nbd2 {The position is equal.} Nc6 11. Qe2 $146 ({Predecessor:} 11. Re1 d5 12. exd5 Nxd5 13. Nc4 Bf6 14. Nfe5 Qc7 15. Bxd5 exd5 16. Nxc6 dxc4 {0-1 (16) Lomsadze,D (2352)-Gulsoy,M (1978) Canakkale 2018}) 11... Nd7 12. Nc4 Re8 13. Rae1 Rc8 14. Ba1 Ba6 15. Qd1 Bxc4 16. dxc4 Qc7 17. Qe2 Bf6 18. Bxf6 Nxf6 19. e5 dxe5 20. Nxe5 Nxe5 (20... Nd4 {feels hotter.} 21. Qd2 Rcd8 22. Qc1 g6 23. Nf3 Kg7) 21. Qxe5 Qxe5 22. Rxe5 Red8 23. a5 Rd2 24. Bf3 (24. f4 $15) 24... Rxc2 $19 25. Rd1 Kf8 26. Ra1 Rc3 27. Re3 Rxe3 28. fxe3 {[%mdl 4096] Endgame KRB-KRN} Rd8 29. a6 Rd3 30. Ra5 Rxe3 31. Kf2 Rxb3 {White must now prevent ...Nd7.} 32. Rxc5 Ra3 33. Rc8+ Ke7 34. Rc7+ Kd6 35. Rxa7 {Black is clearly better.} b3 36. Rb7 Rxa6 37. Rxb3 Ra2+ 38. Ke3 Nd7 ({Resist} 38... Rxh2 39. Rb6+ Kc5 40. Rc6+ Kb4 41. Rc7 $17) 39. h4 Nc5 40. Rb5 Ra3+ 41. Ke2 Rc3 42. Rb6+ Kd7 43. Rb4 {Accuracy: White = 40%, Black = 73%.} 0-1

[Event "17th Asian Continental-ch Open 2018"]
[Site "Makati City"]
[Date "2018.12.13"]
[Round "4.23"]
[White "Priasmoro, Novendra"]
[Black "Miciano, John Marvin"]
[Result "0-1"]
[WhiteElo "2483"]
[BlackElo "2354"]
[Annotator "TA"]
[PlyCount "194"]
[EventDate "2018.12.07"]
[EventType "swiss"]
[EventRounds "9"]
[EventCountry "PHI"]

{[%evp 15,194,13,30,27,35,-18,14,5,31,27,33,20,47,47,45,0,14,5,14,-11,-1,-12,0,-6,0,-24,34,18,17,-22,-8,-70,-75,-79,-77,-77,-68,-77,-56,-76,-69,-72,-76,-90,-63,-96,-93,-115,-94,-94,-87,-105,-79,-77,0,-145,-131,-148,-141,-214,0,-141,-110,-143,-70,-91,-80,-81,-38,-50,-33,-49,78,65,158,-14,-25,-29,-36,-86,-40,-67,0,-64,0,0,0,0,0,0,0,0,0,-123,-105,-366,-373,-353,-152,-139,-127,-166,-155,-173,-147,-204,-117,-201,-195,-213,-214,-218,-202,-210,-214,-213,-177,-360,-360,-348,-303,-324,-357,-341,-306,-373,-340,-362,-358,-503,-501,-531,-525,-493,-489,-573,-585,-575,-566,-527,-500,-677,-661,-781,-772,-985,-981,-1053,-987,-973,-666,-757,0,-961,-879,-1189,-1166,-819,-933,-29951,-6452,-29986,-5414,-4929,-4453,-29961,-2087,-29990,-1022,-29983,-29984,-29984,-29985,-29985,-29986,-29986,-29974,-29985,-29975,-29984,-29978]} 1. e4 c5 2. Nf3 e6 3. g3 Nc6 4. Bg2 e5 (4... Nf6 5. Qe2 Be7 6. O-O O-O 7. Rd1 e5 8. c3 Re8 9. Na3 Bf8 10. d3 d5 11. exd5 Nxd5 12. Ng5 h6 13. Ne4 f5 {1-0 (65) Artemiev,V (2706)-Morozevich,A (2656) Sochi 2018}) 5. O-O g6 6. c3 {B40: Sicilian: 2...e6, Unusual lines} Bg7 7. d3 d6 8. a3 Nf6 {LiveBook: 3 Games} 9. b4 O-O 10. h3 $146 (10. b5 $14 Ne7 11. c4) ({Predecessor:} 10. Nbd2 h6 11. Bb2 Bg4 12. h3 Be6 13. Re1 Qd7 14. Kh2 Rad8 15. b5 {0-1 (60) Horvath,G (2213)-Skomorokhin,R (2405) Hungary 2015}) 10... a6 (10... c4 $5) 11. Be3 Qe7 12. Nbd2 Rd8 13. Qc2 Be6 14. Ng5 Bd7 15. Rab1 Nd4 16. Qb2 h6 17. Ngf3 Nxf3+ 18. Nxf3 b5 19. Nd2 Rac8 20. c4 Ne8 (20... Nh7 $11) 21. bxc5 dxc5 22. Qc2 Nc7 23. Rfc1 (23. cxb5 $11 Nxb5 24. Nc4) 23... Ne6 $15 24. Bf1 Nd4 25. Qd1 h5 26. Nf3 Bf6 27. Ne1 h4 28. g4 $1 Bg5 29. Qd2 f6 30. Qa5 Qd6 31. Ng2 Rf8 32. Kh1 Kg7 33. Qd2 Nf3 34. Qd1 Nd4 (34... Bxe3 $1 $17 35. Nxe3 Nd4) 35. Be2 (35. Qd2 $1 $11) 35... Rb8 36. Qd2 Ne6 37. Qc3 (37. Rb2 $17) 37... Nd4 $2 (37... b4 $19 38. axb4 cxb4) 38. Bd1 (38. Qd2 $1 $11) 38... Rfc8 39. Qd2 {[#]} Qe7 (39... Ne6 $1 $17 40. Bb3 b4) 40. Rb2 bxc4 {Strongly threatening ...Rxb2.} 41. Rxc4 Bb5 42. Rc3 Bc6 43. Qc1 Rb5 (43... Bxe3 $15 {keeps the upper hand.} 44. Nxe3 Rxb2 45. Qxb2 Qa7) 44. Rxb5 $16 Bxb5 ({Black should try} 44... Bxe3 $14 45. fxe3 Nxb5 46. Rxc5 Qd7) 45. a4 $2 (45. f4 $16 exf4 46. Bxd4 {[%mdl 64] Pin}) 45... Bd7 $11 46. Qa3 Qd6 47. Kg1 {[%cal Bh1g1,Bg1f1,Bf1g2][%mdl 32]} Rc7 48. Kf1 Rc8 ({Black should play} 48... Ne6 $15) 49. Rc1 (49. Kg1 $11) 49... Bxe3 (49... Ne6 $15) 50. fxe3 Ne6 $36 {[%mdl 2048] Black has good play.} 51. Nxh4 Rh8 52. Nf3 Rxh3 53. Kg2 Rh8 {[%cal Bh3h8,Bh8d8,Bd8b8][%mdl 32]} 54. Qc3 {[#]} (54. Qb3 $11 {remains equal.}) 54... c4 $1 $17 {[%mdl 512]} 55. dxc4 $2 {[%mdl 8192]} (55. Bc2 $17) (55. Qxc4 Rc8) 55... Nc5 $19 {[%mdl 64] Double Attack} 56. Nd2 Bc6 (56... Rh4 $19 {is more deadly.} 57. Kg3 g5) 57. Bf3 $17 Bxa4 58. Rb1 Rd8 59. Nf1 Rb8 60. Ra1 (60. Rxb8 $17 Qxb8 61. Qa5) 60... Qb6 ({Better is} 60... Bc6 $19 61. Qc2 Qc7) 61. Ra2 (61. g5 $17 {is a better defense.}) 61... Qb4 $19 62. Qxb4 Rxb4 63. Nd2 Kf7 64. Be2 g5 65. Kf3 Ke7 66. Ra1 $2 (66. Nf1) 66... Bc6 67. Ra2 Kd7 68. Bd1 Kc7 69. Bc2 Kb6 70. Ke2 Bd7 71. Kf3 a5 72. Bd1 (72. Nb1 $142 Rxc4 73. Nd2) 72... a4 73. Ra1 Bc6 74. Ra2 Ka5 75. Bc2 Rb7 76. Nb1 Kb4 77. Ke2 Kxc4 78. Kd1 Kb4 79. Nd2 a3 {[%cal Ba4a3,Ba3a2][%mdl 32]} 80. Ra1 Ra7 81. Kc1 a2 82. Kb2 Na4+ 83. Kc1 Nc5 84. Kb2 Bd7 85. Nb3 Na4+ 86. Kc1 Be6 87. Nd2 Rh7 {( -> ...Rh1+)} 88. Bd1 Rc7+ (88... Rh1 $142 89. Rxa2 Bxa2 90. Kc2 Re1 91. Bf3 Rxe3 92. Bg2 Be6 93. Bf3 Nc5 94. Kc1 Nb3+ 95. Kc2 Nxd2 96. Kxd2 Rxf3 97. Ke2 Bxg4 98. Kd2 Kb3 99. Kd1 Kc3 100. Ke2 Kc2 101. Ke1 Kd3 102. Kd1 Rf1#) 89. Bc2 Rc3 90. Kd1 Bxg4+ (90... Nb2+ $142 91. Kc1 Nd3+ 92. Kd1 Bxg4+ 93. Nf3 Bxf3+ 94. Kd2 Kc4 95. Ba4 Nb4 96. Bb5+ Kb3 97. Ba4+ Kb2 98. Rxa2+ Nxa2 99. Ke1 Bxe4 100. Bd7 Rxe3+ 101. Kf2 Rf3+ 102. Ke1 f5 103. Bb5 Nc1 104. Kd2 f4 105. Kd1 Nd3 106. Bc6 Rf1+ 107. Ke2 Rf2+ 108. Kd1 Kc3 109. Bxe4 Rd2#) 91. Ke1 Be6 (91... Rxc2 $142 92. Nb3 Kxb3 93. Kf1 Bh3+ 94. Kg1 Kb2 95. Re1 a1=Q 96. Rxa1 Kxa1 97. Kh1 g4 98. Kg1 g3 99. Kh1 Rc1#) 92. Kd1 Nb2+ {Black mates.} 93. Kc1 Nd3+ 94. Kd1 Nf2+ {[%mdl 64] Discovered Attack} 95. Kc1 g4 {[%cal Bg5g4,Bg4g3,Bg3g2][%mdl 32]} 96. Kb2 g3 97. Rg1 g2 {Accuracy: White = 28%, Black = 49%.} 0-1

[Event "17th Asian Continental-ch Open 2018"]
[Site "Makati City"]
[Date "2018.12.13"]
[Round "4.24"]
[White "Garma, Chito"]
[Black "Gomez, John Paul"]
[Result "1/2-1/2"]
[WhiteElo "2342"]
[BlackElo "2450"]
[Annotator "TA"]
[PlyCount "64"]
[EventDate "2018.12.07"]
[EventType "swiss"]
[EventRounds "9"]
[EventCountry "PHI"]

{[%evp 19,64,0,5,-14,-12,-28,-29,-27,-26,-23,-26,-30,-35,-32,-35,-44,-44,-36,-33,-55,0,0,0,0,0,0,0,0,0,0,0,0,0,-2,-1,0,0,0,0,0,0,0,0,0,0,0,0]} 1. e4 e5 2. Nf3 Nc6 3. d4 exd4 4. Nxd4 Nf6 5. Nxc6 bxc6 6. Bd3 d5 7. Qe2 dxe4 {C45: Scotch Game} 8. Bxe4 Nxe4 9. Qxe4+ Qe7 10. Qxe7+ Bxe7 {LiveBook: 4 Games} 11. O-O (11. Bf4 Bf5 12. Bxc7 Bxc2 13. Nc3 O-O 14. Rc1 Bf5 15. O-O {½-½ (43) Nepomniachtchi,I (2751)-Anand,V (2783) Saint Louis 2017}) 11... Bf5 12. Be3 $146 ({Predecessor:} 12. c3 O-O-O 13. Be3 Bd3 14. Re1 Rhe8 15. Nd2 {½-½ (35) Schmid,H (2211)-Michalczak,T (2361) Schwaebisch Gmuend 2006}) 12... Bxc2 13. Rc1 Bxb1 14. Raxb1 Kd7 15. Rc2 a5 16. Rbc1 Ra6 17. a4 Rb8 18. Rd1+ Bd6 19. Rd3 c5 (19... Rb4 $15) 20. Bxc5 $11 {The position is equal.} Rc6 21. g3 Kc8 22. Rdc3 {[#] Black must now prevent Bxd6.} Be5 23. Bd4 $1 {[%cal Rd4e5]} Rxc3 24. Bxc3 Bxc3 25. Rxc3 Rxb2 {[%mdl 4096] Endgame Threatens to win with ...Rb4. KR-KR} 26. Rc5 Kb7 {And now ...Kb6 would win.} 27. Rxa5 Kb6 28. Ra8 Ra2 29. Rb8+ Ka5 30. Rc8 Kb6 31. Rb8+ Ka5 32. Rc8 Kb6 {Precision: White = 63%, Black = 83%.} 1/2-1/2

[Event "17th Asian Continental-ch Open 2018"]
[Site "Makati City"]
[Date "2018.12.13"]
[Round "4.25"]
[White "Bersamina, Paulo"]
[Black "Quizon, Daniel"]
[Result "1/2-1/2"]
[WhiteElo "2444"]
[BlackElo "2314"]
[PlyCount "148"]
[EventDate "2018.12.07"]
[EventType "swiss"]
[EventRounds "9"]
[EventCountry "PHI"]
[TimeControl "40/5400+30:1800+30"]

1. e4 c5 2. Nc3 e6 3. f4 d6 4. Nf3 Nf6 5. d4 cxd4 6. Nxd4 a6 7. Bd3 Nbd7 8. Qf3 Qc7 9. g4 Nc5 10. g5 Nxd3+ 11. cxd3 Nd7 12. h4 b5 13. a3 Bb7 14. h5 Nc5 15. Bd2 Qb6 16. Nce2 e5 17. Nf5 d5 18. exd5 Qe6 19. Ne3 Nxd3+ 20. Kf1 Bc5 21. f5 Qd6 22. Nc3 Bxe3 23. Bxe3 O-O-O 24. f6 g6 25. Bb6 Qxb6 26. Qxd3 Qd4 27. Qh3+ Kb8 28. hxg6 fxg6 29. Rh2 h6 30. gxh6 Qf4+ 31. Kg1 Qxf6 32. Qe3 Qf4 33. Re1 Qd4 34. Rf2 Qxe3 35. Rxe3 Rxh6 36. Rxe5 Rdh8 37. Rg2 Rh5 38. Reg5 Rxg5 39. Rxg5 Rh5 40. Rxg6 Bxd5 41. Rxa6 Kb7 42. Rd6 Bc6 43. Rd2 Rf5 44. Rf2 Rh5 45. Kf1 b4 46. axb4 Rh4 47. b5 Bd7 48. Rf7 Kc8 49. Rf8+ Kb7 50. Rd8 Kc7 51. Rg8 Kb7 52. Rg7 Kc8 53. Ke2 Rb4 54. Kd3 Bxb5+ 55. Kc2 Bc6 56. Na2 Rh4 57. Rg3 Rf4 58. Nc3 Rb4 59. b3 Rf4 60. Kb2 Rf3 61. Rg6 Kb7 62. b4 Rf2+ 63. Kb3 Rf5 64. Rd6 Rh5 65. Rd4 Kb6 66. Kc4 Rg5 67. Rh4 Rf5 68. Rh6 Rf4+ 69. Kb3 Kb7 70. Ne2 Bd5+ 71. Ka4 Bc6+ 72. Rxc6 Rxb4+ 73. Ka3 Rb3+ 74. Kxb3 Kxc6 1/2-1/2